[Event "FSIMB October"]
[Site "Budapest HUN"]
[Date "2010.10.06"]
[Round "5"]
[White "Tran Tuan Minh"]
[Black "Szamoskozi,G"]
[Result "1/2-1/2"]
[WhiteElo "2227"]
[BlackElo "2335"]

1.d4 Nf6 2.Bg5 Ne4 3.Bf4 c5 4.f3 Nf6 5.dxc5 b6 6.Nc3 bxc5 7.e4 Nc6 8.Bb5 Nd4
9.Nge2 Nh5 10.Be3 Nxb5 11.Nxb5 Rb8 12.Nbc3 d6 13.b3 e6 14.e5 d5 15.g4 d4
16.gxh5 Bb7 17.Nxd4 cxd4 18.Qxd4 Qxd4 19.Bxd4 Rd8 20.Nb5 Bxf3 21.O-O Bxh5
22.Bxa7 Rd7 23.Rf2 f6 24.c4 fxe5 25.Re1 Bg4 26.c5 Rxa7 27.Rxf8+ Rxf8 28.Nxa7 Kd7
29.c6+ Kc7 30.Rc1 Be2 31.a4 e4 32.Nb5+ Bxb5 33.axb5 e3 34.Re1 Rf5 35.Rxe3 Rxb5
36.Rxe6 Rxb3 37.Re7+ Kxc6 38.Rxg7 Rb7 39.Rg3 Kd6 40.Re3 Re7 41.Rxe7 Kxe7
42.Kg2 Kf6 43.Kg3 Kg5  1/2-1/2

[Event "Tatry Open"]
[Site "Tatranske Zruby CZE"]
[Date "2010.10.07"]
[Round "7"]
[White "Bombek,P"]
[Black "Vrba,M"]
[Result "1/2-1/2"]
[WhiteElo "2194"]
[BlackElo "1999"]

1.d4 Nf6 2.Bg5 Ne4 3.Bf4 d6 4.Nd2 Bf5 5.e3 Nxd2 6.Qxd2 Nd7 7.Nf3 Nf6 8.Bd3 Bxd3
9.Qxd3 c6 10.Bg5 Qa5+ 11.c3 Nd7 12.O-O g6 13.a4 Bg7 14.b4 Qd8 15.e4 O-O 16.h3 Re8
17.Rfd1 Qc7 18.Rab1 Rac8 19.Bf4 Rcd8 20.Qe3 a6 21.Bg3 Qc8 22.Bh4 Nb6 23.a5 Nc4
24.Qd3 d5 25.e5 Qd7 26.Re1 Rc8 27.Nd2 Nxd2 28.Qxd2 e6 29.Bf6 Qc7 30.Qe3 h6
31.g4 Kh7 32.Kg2 Rg8 33.h4 Rce8 34.Kh3 Bxf6 35.exf6 Qd8 36.Qf3 g5 37.h5 Kh8
38.Re2 Ref8 39.Rf1 Re8 40.Re3 Ref8 41.Rfe1 Re8 42.R1e2 Ref8 43.Qg3 Qxf6 44.Rf3 Qd8
45.Qe5+ Kh7 46.Rf6 Rg7 47.f4 Qb8 48.Qxb8 Rxb8 49.f5 Re8 50.fxe6 Rxe6 51.Rexe6 fxe6
52.Rxe6 Rf7 53.Kg3 Kg7 54.Rd6 Kh7 55.Re6  1/2-1/2

[Event "4NCL Team Rapid"]
[Site "Newport Pagnell ENG"]
[Date "2010.10.09"]
[Round "3"]
[White "Piper,M"]
[Black "Rudd,J"]
[Result "0-1"]
[WhiteElo "2343"]
[BlackElo "2251"]

1.d4 Nf6 2.Bg5 Ne4 3.Bf4 c5 4.f3 Qa5+ 5.c3 Nf6 6.d5 Qb6 7.b3 e6 8.e4 exd5
9.exd5 Bd6 10.Bg5 Be7 11.Nd2 Nxd5 12.Bxe7 Nxe7 13.c4 O-O 14.Ne4 Nbc6 15.Qd6 Nd4
16.Qxe7 Nc2+ 17.Kf2 Nxa1 18.Bd3 d5 19.Nd6 Be6 20.Ne2 Rad8 21.Nxb7 Rd7 22.Qxc5 dxc4
23.Qxb6 axb6 24.Bxc4 Bxc4 25.bxc4 Nc2 26.Rc1 Nb4 27.Rb1 Nd3+ 28.Kg3 Rxb7  0-1

[Event "Tatry Open"]
[Site "Tatranske Zruby CZE"]
[Date "2010.10.09"]
[Round "9"]
[White "Mocary,M"]
[Black "Knotek,A"]
[Result "1-0"]
[WhiteElo "1979"]
[BlackElo "1882"]

1.d4 Nf6 2.Bg5 Ne4 3.Bf4 g6 4.f3 Nf6 5.e4 d6 6.Nc3 Bg7 7.Qd2 O-O 8.Bh6 c5
9.d5 a6 10.Bxg7 Kxg7 11.h4 h5 12.Nh3 b5 13.Be2 Nbd7 14.g4 b4 15.g5 Ne8 16.Nd1 e5
17.dxe6 fxe6 18.Ne3 Bb7 19.O-O-O a5 20.Nc4 d5 21.exd5 exd5 22.Nf4 Rxf4 23.Qxf4 dxc4
24.Bxc4 Qe7 25.Rhe1  1-0

[Event "WY Boys-U14"]
[Site "Porto Carras GRE"]
[Date "2010.10.20"]
[Round "1.16"]
[White "Le Minh Hoang"]
[Black "Grib,R"]
[Result "0-1"]
[WhiteElo "1935"]
[BlackElo "2250"]

1.d4 Nf6 2.Bg5 Ne4 3.Bh4 c6 4.f3 Qa5+ 5.Nd2 Qh5 6.Nxe4 Qxh4+ 7.Ng3 g6 8.e3 d6
9.f4 Bg7 10.Nf3 Qh6 11.Bd3 e5 12.Ne4 O-O 13.Nxd6 exd4 14.Bc4 Be6 15.Bxe6 fxe6
16.Nxd4 Qh4+ 17.g3 Qe7 18.Ne4 e5 19.fxe5 Qxe5 20.Qd3 Re8 21.Qc4+ Kh8 22.Nc3 Qxd4
23.Qxd4 Bxd4 24.O-O-O Bxc3 25.bxc3 Na6  0-1

[Event "WY Boys-U14"]
[Site "Porto Carras GRE"]
[Date "2010.10.20"]
[Round "1.5"]
[White "Girish,A"]
[Black "Poleg,Matan"]
[Result "1-0"]
[WhiteElo "2342"]
[BlackElo "2000"]

1.d4 Nf6 2.Bg5 Ne4 3.Bf4 d5 4.e3 e6 5.f3 Nf6 6.Nd2 Bd6 7.Bg5 h6 8.Bh4 Be7
9.Bd3 b6 10.c3 Qd7 11.Qe2 Bb7 12.Bxf6 Bxf6 13.f4 c5 14.Ngf3 Nc6 15.O-O O-O
16.Kh1 Rfb8 17.Ne5 Bxe5 18.fxe5 c4 19.Bc2 b5 20.Rf4 a5 21.Raf1 Nd8 22.Qh5 b4
23.Rg4 Kh8 24.Rf6 g6 25.Qxh6+ Kg8 26.Bxg6  1-0

[Event "Uxbridge Premier"]
[Site "Denham ENG"]
[Date "2010.10.25"]
[Round "2"]
[White "Lock,G"]
[Black "Whitfield,C"]
[Result "1/2-1/2"]
[WhiteElo "2198"]
[BlackElo "1987"]

1.d4 Nf6 2.Bg5 Ne4 3.Bf4 d5 4.e3 c5 5.Bd3 e6 6.Bxe4 dxe4 7.Nc3 cxd4 8.exd4 Bb4
9.Ne2 Nc6 10.O-O Bxc3 11.Nxc3 O-O 12.d5 exd5 13.Nxd5 Be6 14.Nc7 Qf6 15.Nxe6 Qxe6
16.c3 Qf5 17.Bg3 Rfd8 18.Qe2 Ne5 19.f3 e3 20.Qxe3 Nc4 21.Qf4 Qxf4 22.Bxf4 Nxb2
23.Rab1 Na4 24.Rxb7 Nxc3 25.Be5 Rac8  1/2-1/2

[Event "Trophee CCAS GpA"]
[Site "Cap d'Agde FRA"]
[Date "2010.10.26"]
[Round "7"]
[White "Nguyen Ngoc Truong Son"]
[Black "Polgar,Ju"]
[Result "1/2-1/2"]
[WhiteElo "2633"]
[BlackElo "2682"]

1.d4 Nf6 2.Bg5 Ne4 3.Bf4 d5 4.e3 Nd7 5.Bd3 c5 6.Bxe4 dxe4 7.Nc3 Qa5 8.Ne2 Nf6
9.O-O Bg4 10.h3 cxd4 11.hxg4 dxc3 12.Nxc3 g5 13.b4 Qxb4 14.Be5 Bg7 15.Nd5 Qc5
16.Nc7+ Kf8 17.Nxa8 Qxe5 18.Qd8+ Ne8 19.Rad1 Bf6 20.Rd5 Qc3 21.Qa5 Qxc2 22.Qxa7 Kg7
23.Qc5 Qxa2 24.Nb6 h6 25.Nd7 e6 26.Rdd1 Qe2 27.Qb4 Qxg4 28.Qxb7 h5 29.Nc5 h4
30.Qxe4 Qxe4 31.Nxe4 Kg6 32.Rd7 Bg7 33.Ra7 Nf6 34.Nd6 Rf8 35.Rb1 Ng4 36.Rb4 Ne5
37.Rb1 Rd8 38.Ne4 Rd5 39.Rab7 Rd3 40.R7b3 Rd8 41.Rb5 Rd3 42.Kf1 Ra3 43.R5b3 Ra4
44.Rb4 Ra3 45.Nd2 Ra2 46.R4b2 Ra4 47.Rc2 Kf5 48.Rb5 Kg6 49.Rcc5 Ra2 50.Ke2 f6
51.Ra5 Rb2 52.Rcb5 Rc2 53.Kd1 Rc7 54.Ke2 Rc2 55.Rc5 Rb2 56.Rab5 Ra2 57.Ra5  1/2-1/2

[Event "Uxbridge Premier"]
[Site "Denham ENG"]
[Date "2010.10.28"]
[Round "8"]
[White "Lock,G"]
[Black "Buckley,G"]
[Result "1/2-1/2"]
[WhiteElo "2198"]
[BlackElo "2397"]

1.d4 Nf6 2.Bg5 Ne4 3.Bf4 c5 4.f3 Qa5+ 5.c3 Nf6 6.d5 e6 7.e4 exd5 8.exd5 d6
9.Qd2 Be7 10.c4 Qxd2+ 11.Kxd2 Nh5 12.Be3 f5 13.Nc3 a6 14.Re1 Kf7 15.Bd3 f4
16.Bf2 Nd7 17.g4 fxg3 18.hxg3 g6 19.Nh3 Ne5 20.Be2 b5 21.g4 Ng7 22.b3 bxc4
23.bxc4 h5 24.Ne4 Rb8 25.Nhg5+ Ke8 26.f4 Nf7 27.gxh5 Nxg5 28.fxg5 gxh5 29.Kc3 Bf5
30.Nf6+ Kd8 31.Bg3 Bg6 32.Bd3 Bxd3 33.Kxd3 Nf5 34.Bf4 Bxf6 35.gxf6 h4 36.Ke4 Rh5
37.Kf3 Kd7 38.Kg4 Rbh8 39.Re6 h3 40.Bh2 Rh4+ 41.Kxf5 R8h5+ 42.Kg6 Rh6+ 43.Kg5 R6h5+
44.Kg6 Rh6+ 45.Kg5 R6h5+  1/2-1/2

[Event "Chigorin Mem Classic Open"]
[Site "St Petersburg RUS"]
[Date "2010.10.28"]
[Round "1"]
[White "Yemelin,V"]
[Black "Trofimov,Vl2"]
[Result "1-0"]
[WhiteElo "2571"]
[BlackElo "2221"]

1.d4 Nf6 2.Bg5 Ne4 3.Bf4 d5 4.e3 c6 5.Bd3 Qb6 6.Bxe4 dxe4 7.Nd2 Qxb2 8.Ne2 Bg4
9.O-O Bxe2 10.Qxe2 Qxc2 11.Rfc1 Qd3 12.Qg4 Nd7 13.Nc4 g6 14.Rab1 Bg7 15.Rxb7 Nf6
16.Qg5 O-O 17.Rb2 Nd5 18.Rd2 h6 19.Qg4  1-0

[Event "Chigorin Mem Classic Open"]
[Site "St Petersburg RUS"]
[Date "2010.10.28"]
[Round "1"]
[White "Smirnov,Arte"]
[Black "Pen,P"]
[Result "1-0"]
[WhiteElo "2426"]
[BlackElo "2047"]

1.d4 Nf6 2.Bg5 Ne4 3.Bf4 c5 4.f3 Qa5+ 5.c3 Nf6 6.d5 d6 7.e4 g6 8.Nd2 Bg7
9.a4 Nbd7 10.Nc4 Qc7 11.Ne2 Rb8 12.Ng3 O-O 13.Be2 a6 14.O-O Re8 15.a5 b5
16.axb6 Nxb6 17.Na5 c4 18.Qd2 Bd7 19.Be3 Bb5 20.Bd1 e6 21.dxe6 fxe6 22.Bc2 d5
23.e5 Nfd7 24.f4 Nc5 25.Bd4 Bf8 26.h4 Nba4 27.h5 Qxa5 28.hxg6 Qc7 29.f5 exf5
30.gxh7+ Qxh7 31.Nxf5 Bd7 32.Qg5+  1-0

[Event "Chigorin Mem Classic Open"]
[Site "St Petersburg RUS"]
[Date "2010.10.28"]
[Round "1"]
[White "Ipatov,A ESP"]
[Black "Balaian,Ali"]
[Result "1-0"]
[WhiteElo "2521"]
[BlackElo "2157"]

1.d4 Nf6 2.Bg5 Ne4 3.Bf4 c5 4.f3 Qa5+ 5.c3 Nf6 6.Nd2 cxd4 7.Nb3 Qb6 8.Qxd4 Nc6
9.Qxb6 axb6 10.Nd4 Nxd4 11.cxd4 d6 12.e4 Bd7 13.Ne2 g6 14.Nc3 Bg7 15.Be3 O-O
16.Kd2 Rfc8 17.Bd3 Ra5 18.a4 Be8 19.Rhc1 Kf8 20.b3 Raa8 21.g4 Nd7 22.g5 e5
23.d5 Nc5 24.Bc2 f5 25.Rcb1 f4 26.Bf2 Ke7 27.b4 Nd7 28.Bd3 h6 29.h4 hxg5
30.hxg5 Bf7 31.a5 bxa5 32.bxa5 Rc7 33.Nb5 Rcc8 34.Na7 Rcb8 35.a6  1-0

[Event "Chigorin Mem Classic Open"]
[Site "St Petersburg RUS"]
[Date "2010.10.30"]
[Round "3"]
[White "Gorovykh,E"]
[Black "Trofimov,Vl2"]
[Result "1-0"]
[WhiteElo "2447"]
[BlackElo "2221"]

1.d4 Nf6 2.Bg5 Ne4 3.Bf4 d5 4.e3 c6 5.Bd3 Qb6 6.Bxe4 dxe4 7.Nd2 Qxb2 8.Ne2 Nd7
9.Nxe4 Nf6 10.Nxf6+ exf6 11.O-O Be7 12.Qd3 O-O 13.c4 Qb6 14.e4 Rd8 15.a4 Qa6
16.Qb3 Bg4 17.f3 Be6 18.Rfc1 f5 19.d5 cxd5 20.exd5 Bd7 21.Be3 Rac8 22.Nf4 Bc5
23.Bxc5 Rxc5 24.Nd3 Rc7 25.c5 Qf6 26.Qc3 Qxc3 27.Rxc3 b6 28.c6 Bc8 29.Nf4 g5
30.Nh5 Kf8 31.Re1 Rxd5 32.Re8+ Kxe8 33.Nf6+ Ke7 34.Nxd5+ Kd6 35.Nxc7 Kxc7
36.Kf2 f4 37.Ke2 Ba6+ 38.Kd2 Bf1 39.g3 fxg3 40.hxg3 h5 41.Ke3 h4 42.Rc1 Ba6
43.g4 f6 44.Ke4 Be2 45.Re1 Bc4 46.Kf5 Bd5 47.Rf1 h3 48.Rh1 Bxf3 49.Rxh3 Bxc6
50.Rh7+ Kb8 51.a5 bxa5 52.Kxf6 a4 53.Rh3 Kb7 54.Kxg5 Kb6 55.Kf4 Kb5 56.Ke3 a3
57.Kd2 Kb4 58.Kc1 Be4 59.g5 Bf5 60.Rf3 Bg6 61.Rf6 Bd3 62.g6 a5 63.g7 Bh7
64.Rh6 Bg8 65.Kb1  1-0

[Event "20th World Seniors"]
[Site "Arco ITA"]
[Date "2010.11.04"]
[Round "9"]
[White "Rajkovic,Du"]
[Black "Jansa,Vl"]
[Result "1/2-1/2"]
[WhiteElo "2443"]
[BlackElo "2499"]

1.d4 Nf6 2.Bg5 Ne4 3.Bf4 d5 4.e3 Bf5 5.f3 Nf6 6.c4 e6 7.Nc3 c6 8.Bd3 Bxd3
9.Qxd3 Bd6 10.Bxd6 Qxd6 11.Nge2  1/2-1/2

[Event "Chigorin Mem Classic Open"]
[Site "St Petersburg RUS"]
[Date "2010.11.05"]
[Round "9"]
[White "Pankov,Ger"]
[Black "Ulko,J"]
[Result "1-0"]
[WhiteElo "2350"]
[BlackElo "2451"]

1.d4 Nf6 2.Bg5 Ne4 3.Bf4 d5 4.e3 Bf5 5.Bd3 Nc6 6.g4 e5 7.gxf5 exf4 8.Bxe4 dxe4
9.Qg4 Nb4 10.Kd2 Nd5 11.c4 fxe3+ 12.fxe3 Nf6 13.Qg2 c5 14.d5 b5 15.Nc3 bxc4
16.Kc2 g6 17.fxg6 hxg6 18.Nge2 Bg7 19.Nf4 Rb8 20.h4 Rg8 21.Rab1 Bh8 22.Nxe4 Qe7
23.Nc3 Qe5 24.Qg5 Qd6 25.Rhe1 Nd7 26.Ne4 Qa6 27.d6 f6 28.Qd5 Rg7 29.Qe6+ Kf8
30.Ng5 Qa4+ 31.Kc1 fxg5 32.Rf1 Nf6 33.Qxf6+ Kg8 34.Qe6+ Rf7 35.Nd5 Qe8 36.Ne7+ Kf8
37.Nxg6+ Kg7 38.Rxf7+ Qxf7 39.Qxf7+ Kxf7 40.Nxh8+ Rxh8 41.hxg5 Rh2 42.b4 cxb3
43.Rxb3 Ke6 44.Rd3 Kd7 45.e4 Re2 46.Rg3 Rxe4 47.g6 Re8 48.g7 Rg8 49.Rg6 Ke8
50.Kc2 Kf7 51.Rg2 Ke6 52.Rg6+ Kf7 53.Rg2 Ke6 54.Kc3 Kf6 55.Kc4 Ke6 56.Kxc5 Kf7
57.Kb5 Rb8+ 58.Ka6  1-0

[Event "TCh-HUN 2010-11"]
[Site "Budapest HUN"]
[Date "2010.11.07"]
[Round "2"]
[White "Istvanovszki,M"]
[Black "Gara,T"]
[Result "1/2-1/2"]
[WhiteElo "2282"]
[BlackElo "2348"]

1.d4 Nf6 2.Bg5 Ne4 3.Bf4 c5 4.f3 Qa5+ 5.c3 Nf6 6.d5 Qb6 7.e4 e6 8.Na3 exd5
9.exd5 d6 10.Nc4 Qc7 11.Qe2+ Kd8 12.Qd2 Be7 13.a4 Re8 14.Kf2 Nh5 15.Be3 Nd7
16.Ne2 Nb6 17.Nxb6 axb6 18.Ng3 Nxg3 19.hxg3 h6 20.g4 Bd7 21.b3 Kc8 22.Bd3 Qd8
23.Bf4 Kc7 24.Rae1 Bh4+ 25.g3 Rxe1 26.Rxe1 Bg5 27.Re4 Qf6 28.Qe1 Rh8 29.b4 h5
30.a5 hxg4 31.axb6+ Kd8 32.bxc5 Rh2+ 33.Kg1 Bxf4 34.Kxh2 Qh4+ 35.Kg1 Bxg3
36.Qe2 dxc5 37.fxg4 Qf6 38.Kg2 Qh4 39.Qf3 Be1 40.Qe3 Bxc3 41.Qxc5 Be5 42.Qf2 Qh2+
43.Kf1 Qh3+ 44.Ke2 f6 45.Kd2 Bd6 46.Qd4 Qh1 47.Bc2 Qh6+ 48.Qe3 Qh2+ 49.Kc3 Qh1
50.Kb2 Qh2 51.Kb3 Qh1 52.Qc3 Qg1 53.Qa5 Qc5 54.Qxc5 Bxc5 55.Bd1 Bxb6 56.Rb4 Kc7
57.d6+ Kc6 58.Bf3+ Kc5 59.Bxb7 Ba5 60.Rc4+  1/2-1/2

[Event "1st Open"]
[Site "Brno CZE"]
[Date "2010.11.16"]
[Round "4"]
[White "Feldvabl,Vilem"]
[Black "Novak,Jo"]
[Result "1/2-1/2"]
[WhiteElo "1852"]
[BlackElo "1886"]

1.d4 Nf6 2.Bg5 Ne4 3.Bh4 g5 4.f3 gxh4 5.fxe4 c5 6.c3 Qb6 7.Qb3 Qxb3 8.axb3 cxd4
9.cxd4 Nc6 10.e3 Bh6 11.Kf2 Nb4 12.Na3 d5 13.e5 Bf5 14.Rc1 a6 15.Nf3 h3 16.gxh3 Kd7
17.h4 f6 18.Be2 Rhg8  1/2-1/2

[Event "1st Open"]
[Site "Brno CZE"]
[Date "2010.11.17"]
[Round "6"]
[White "Hofirek,Benedikt"]
[Black "Buchnicek,P"]
[Result "0-1"]
[WhiteElo "1910"]
[BlackElo "2309"]

1.d4 Nf6 2.Bg5 Ne4 3.Bf4 e6 4.f3 Nf6 5.e4 d5 6.Bd3 c5 7.c3 Nc6 8.Ne2 Qb6
9.Qd2 c4 10.Bc2 Qxb2 11.O-O b5 12.Bd1 Qxa1 13.Qc2 b4 14.exd5 Nxd5  0-1

[Event "1st Open"]
[Site "Brno CZE"]
[Date "2010.11.18"]
[Round "7"]
[White "Buchnicek,P"]
[Black "Chudinovskikh,A"]
[Result "1/2-1/2"]
[WhiteElo "2309"]
[BlackElo "2280"]

1.d4 Nf6 2.Bg5 Ne4 3.h4 b6 4.Nd2 Nxg5 5.hxg5 e6 6.f4 c5 7.c3 Ba6 8.Ngf3 Nc6
9.Qa4 Qc8 10.e4 Bxf1 11.Kxf1 b5 12.Qb3 cxd4 13.cxd4 Qa6 14.d5 Na5 15.Qd3 Nc4
16.Nxc4 bxc4 17.Qe2 Rc8 18.g6 h6 19.gxf7+ Kxf7 20.Ne5+ Kg8 21.Qh5 c3+ 22.Ke1 exd5
23.Qf7+ Kh7 24.Qf5+ Kg8 25.Qf7+ Kh7 26.Qf5+ Kg8  1/2-1/2

[Event "ch-UKR w"]
[Site "Poltava UKR"]
[Date "2010.11.20"]
[Round "8"]
[White "Vasilevich,T"]
[Black "Zdebskaja,N"]
[Result "1-0"]
[WhiteElo "2417"]
[BlackElo "2383"]

1.d4 Nf6 2.Bg5 Ne4 3.Bf4 c5 4.f3 Qa5+ 5.c3 Nf6 6.d5 e6 7.e4 exd5 8.exd5 d6
9.Na3 Be7 10.Nc4 Qd8 11.a4 Na6 12.g4 Nc7 13.Ne3 h6 14.h4 O-O 15.Qd2 Re8 16.Kf2 Bd7
17.Ne2 Nh7 18.Bg3 b5 19.Nf4 bxa4 20.Bd3 Nf8 21.Nf5 Bxf5 22.Bxf5 g6 23.Bc2 Bf6
24.Bxa4 Re7 25.Bc6 Rb8 26.Nd3 c4 27.Nb4 Nb5 28.Ra6 Nc7 29.Ra4 Nb5 30.Rha1 Nd7
31.Bxd7 Rxd7 32.Nc6 Qb6+ 33.Kg2 Re8 34.Bf2 Qb7 35.Rxc4 a6 36.Rb4 Qc8 37.c4 Nc7
38.Rb8 Qxb8 39.Nxb8 Rxb8 40.Bd4 Bxd4 41.Qxd4 Re7 42.Kg3 Rb4 43.Qc3 Rb7 44.h5 Kh7
45.hxg6+ fxg6 46.Rh1 Re5 47.Re1 Re8 48.b4 Rbb8 49.Rxe8 Nxe8 50.c5 Rb5  1-0

[Event "2nd OCF Thanksgiving Open"]
[Site "Stillwater USA"]
[Date "2010.11.20"]
[Round "2.2"]
[White "Braunlich,T"]
[Black "Temple,J"]
[Result "1-0"]
[WhiteElo "2211"]
[BlackElo "1895"]

1.d4 Nf6 2.Bg5 Ne4 3.Bf4 d5 4.e3 e6 5.Bd3 Bd6 6.Ne2 O-O 7.c4 Bb4+ 8.Nbc3 Nxc3
9.bxc3 Bd6 10.Qc2 h6 11.O-O b6 12.cxd5 exd5 13.e4 Bxf4 14.Nxf4 c6 15.Rae1 Qg5
16.g3 dxe4 17.Bxe4 Bb7 18.Bh7+ Kh8 19.Re5 Qd8 20.Rfe1 Nd7 21.Re7 Bc8 22.Ng6+ fxg6
23.Qxg6 Rg8 24.Bxg8 Qxg8 25.Re8  1-0

[Event "16th Asian Games Team Men"]
[Site "Guangzhou CHN"]
[Date "2010.11.24"]
[Round "7"]
[White "Ahmed,Fu"]
[Black "Gundavaa,B"]
[Result "0-1"]
[WhiteElo "1830"]
[BlackElo "2472"]

1.d4 Nf6 2.Bg5 Ne4 3.Bf4 c5 4.f3 Qa5+ 5.c3 Nf6 6.Nd2 cxd4 7.Nb3 Qf5 8.Bxb8 Rxb8
9.Qxd4 b6 10.e4 Qf4 11.Nh3 Qc7 12.e5 Ng8 13.Nf4 e6 14.Nd3 Ne7 15.Rd1 Nc6
16.Qe3 d6 17.f4 Be7 18.Be2 O-O 19.O-O Ba6 20.Kh1 Rbd8 21.Qg3 dxe5 22.f5 exf5
23.Rxf5 Bd6 24.Qh4 Ne7 25.Rh5 Ng6 26.Qh3 h6 27.Nd2 Bxd3 28.Bxd3 Nf4 29.Rxh6 Nxh3
30.Bh7+ Kh8 31.Rxh3 g6 32.Bxg6+ Kg7  0-1

[Event "XXIII Belgrade Trophy"]
[Site "Obrenovac SRB"]
[Date "2010.11.25"]
[Round "2.35"]
[White "Manojlovic,Se"]
[Black "Kadric,D"]
[Result "0-1"]
[WhiteElo "2114"]
[BlackElo "2331"]

1.d4 Nf6 2.Bg5 Ne4 3.Bf4 d5 4.Nd2 e6 5.Nxe4 dxe4 6.e3 Be7 7.f3 exf3 8.Nxf3 Nd7
9.Bd3 Nf6 10.O-O O-O 11.Ne5 Bd7 12.Qf3 Nd5 13.Qh3 f5 14.Nxd7 Qxd7 15.c3 Nxf4
16.Rxf4 g6 17.e4 Kg7 18.Raf1 Rad8 19.e5 c5 20.g4 cxd4 21.cxd4 Bg5 22.gxf5 exf5
23.Bc4 Bxf4 24.Rxf4 g5 25.Qg3 Kh8 26.e6 gxf4  0-1

[Event "46th American Open"]
[Site "Los Angeles USA"]
[Date "2010.11.26"]
[Round "4"]
[White "Khachiyan,M"]
[Black "Kavutskiy,K"]
[Result "1-0"]
[WhiteElo "2517"]
[BlackElo "2149"]

1.d4 Nf6 2.Bg5 Ne4 3.Bf4 d5 4.f3 Nf6 5.Nc3 e6 6.e4 Bb4 7.e5 Nfd7 8.Qd2 a6
9.h4 c5 10.a3 Bxc3 11.bxc3 Nc6 12.h5 Qa5 13.h6 g6 14.Be3 b5 15.Rh4 Bb7 16.Nh3 cxd4
17.cxd4 Qxd2+ 18.Bxd2 Rc8 19.Bd3 O-O 20.Ng5 Nb6 21.Bb4 Nxb4 22.axb4 Rc7 23.g4 Nc4
24.Ra2 Ra8 25.Rh1 Nb6 26.Kd2 Bc6 27.f4 Bd7 28.Rg1 Na4 29.f5 Rac8 30.fxg6 fxg6
31.Rf1  1-0

[Event "XXIII Belgrade Trophy"]
[Site "Obrenovac SRB"]
[Date "2010.11.29"]
[Round "6.53"]
[White "Manojlovic,Se"]
[Black "Kosic,L"]
[Result "1-0"]
[WhiteElo "2114"]
[BlackElo "1946"]

1.d4 Nf6 2.Bg5 Ne4 3.Bf4 c5 4.f3 Qa5+ 5.c3 Nf6 6.Bd2 cxd4 7.cxd4 Qb6 8.Bc3 d5
9.e3 e6 10.Bd3 Be7 11.Nd2 Nc6 12.f4 h5 13.h3 h4 14.Ngf3 Nh5 15.O-O Bd7 16.Ne5 Nxe5
17.fxe5 Ng3 18.Re1 O-O-O 19.a4 Kb8 20.b4 Rc8 21.Qb3 f5 22.exf6 gxf6 23.b5 Qd6
24.Bb2 Qc7 25.a5 Qd8 26.Rec1 Qg8 27.Ba3 Qg7 28.Rxc8+ Bxc8 29.Qd1 Bxa3 30.Rxa3 e5
31.dxe5 fxe5 32.e4 Bxh3 33.Bf1 Rf8 34.Rf3 Nxf1 35.Rxf8+ Qxf8 36.Qxf1 Qxf1+
37.Kxf1 Bd7 38.b6 axb6 39.axb6 dxe4 40.Nxe4 Bb5+ 41.Kf2 Kc8 42.Nd6+ Kd7 43.Nxb5 Kc6
44.Nc3 Kxb6 45.Ke3 Kc6 46.Ke4 Kd6 47.Kf5 b6 48.Kg4 Kc5 49.Kxh4 Kc4 50.Nd1 b5
51.g4 Kd5 52.Nc3+ Kc4 53.Nxb5 Kxb5 54.g5 e4 55.g6 e3 56.Kg3 Kc4 57.g7  1-0

[Event "WY U-16 Olympiad"]
[Site "Burdur TUR"]
[Date "2010.11.30"]
[Round "6"]
[White "Lamawansa,Yasa"]
[Black "Rindlisbacher,L"]
[Result "0-1"]
[WhiteElo "1821"]
[BlackElo "2172"]

1.d4 Nf6 2.Bg5 Ne4 3.Bf4 c5 4.f3 Qa5+ 5.c3 Nf6 6.d5 Qb6 7.b3 e6 8.e4 Bd6
9.Bg5 Be7 10.Bf4 d6 11.Bc4 e5 12.Be3 O-O 13.Ne2 Nh5 14.g4 Bh4+ 15.Kd2 Nf6
16.Ng3 Qd8 17.Nf5 Bxf5 18.gxf5 Nh5 19.Rg1 Nf4 20.Qf1 Bg5 21.Kc2 Nd7 22.Bb5 Nb6
23.Bxf4 exf4 24.Qg2 Bf6 25.Nd2 a6 26.Bd3 Nd7 27.Qg4 Qa5 28.b4 Qa3 29.Nb3 cxb4
30.c4 Qb2+ 31.Kd1 Ne5  0-1

[Event "TCh-CZE 2010-11"]
[Site "Czech Rep CZE"]
[Date "2010.12.03"]
[Round "5.8"]
[White "Pisk,P"]
[Black "Novotny,M1"]
[Result "1/2-1/2"]
[WhiteElo "2313"]
[BlackElo "2255"]

1.d4 Nf6 2.Bg5 Ne4 3.Bf4 c5 4.f3 Qa5+ 5.c3 Nf6 6.d5 Qb6 7.c4 Qxb2 8.Nd2 Nh5
9.Be3 d6 10.g4 Qe5 11.Kf2 Nf4 12.Rb1 g5 13.Qa4+ Nd7 14.Ne4 h5 15.Bd2 hxg4
16.Bc3 Rxh2+  1/2-1/2

[Event "TCh-CZE 2010-11"]
[Site "Czech Rep CZE"]
[Date "2010.12.04"]
[Round "3.4"]
[White "Cech,P"]
[Black "Oral,T"]
[Result "0-1"]
[WhiteElo "2403"]
[BlackElo "2533"]

1.d4 Nf6 2.Bg5 Ne4 3.Bf4 d5 4.f3 Nf6 5.e4 dxe4 6.Nc3 exf3 7.Nxf3 e6 8.Qd2 Be7
9.O-O-O O-O 10.Bd3 Na6 11.Ne5 Nb4 12.Kb1 Nxd3 13.Qxd3 a6 14.Rhe1 Nd5 15.Bd2 Nxc3+
16.Bxc3 Qd5 17.Qg3 b5 18.Ng4 Bd6 19.Qh4 Bb7 20.Ne3 Qe4 21.Ng4 Qd5 22.Ne3 Qe4
23.Ng4 Qg6 24.Ne5 Bxe5 25.Rxe5 Bd5 26.Re3 f6 27.Rg3 Qf5 28.Rg4 a5 29.Rf4 Qg6
30.Rg4 Qf5 31.Rf4 Qg6 32.Rg4 Qf7 33.Bd2 Kh8 34.b3 Rac8 35.Rf1 a4 36.Rg3 axb3
37.axb3 c5 38.dxc5 e5 39.Rh3 Qg6 40.Rg3 Qe4 41.Qxe4 Bxe4 42.Rf2 Rfd8 43.Re3 Bg6
44.Kb2 Ra8 45.Bb4 Rd4 46.Kc3 Be4 47.g3 Ra2 48.Ree2 f5 49.Rd2 Rxd2 50.Rxd2 Kg8
51.Re2 h6 52.Rd2 Kf7 53.Re2 Kf6 54.Rd2 Kg5 55.Re2 Kg4 56.c6 Kf3 57.Rd2 Bxc6
58.Bd6 e4 59.Bc5 g5 60.Rf2+ Kg4 61.Be3 Bd7 62.Kd4 h5 63.Ke5 h4 64.Kd6 Bc8
65.Kc7 Be6 66.gxh4 f4 67.Bc5 e3 68.Rg2+ Kxh4 69.Be7 Bg4  0-1

[Event "TCh-CZE 2010-11"]
[Site "Czech Rep CZE"]
[Date "2010.12.04"]
[Round "3.7"]
[White "Pisk,P"]
[Black "Malinovsky,K"]
[Result "1/2-1/2"]
[WhiteElo "2313"]
[BlackElo "2339"]

1.d4 Nf6 2.Bg5 Ne4 3.Bf4 d5 4.Nd2 Bf5 5.Ngf3 e6 6.e3 Bd6 7.Bxd6 Qxd6 8.Nxe4 Bxe4
9.Bd3 Bxf3 10.gxf3 Nd7 11.c3 e5 12.dxe5 Nxe5 13.f4 Nxd3+ 14.Qxd3 O-O-O 15.O-O-O Qf6
16.h4 c6 17.Rdg1 Rde8  1/2-1/2

[Event "31st Crespi Memorial"]
[Site "Milan ITA"]
[Date "2010.12.08"]
[Round "6"]
[White "Cani,G"]
[Black "Aranovitch,E"]
[Result "1-0"]
[WhiteElo "2113"]
[BlackElo "2335"]

1.d4 Nf6 2.Bg5 Ne4 3.Bh4 c5 4.Nd2 Nxd2 5.Qxd2 cxd4 6.Nf3 Nc6 7.Nxd4 Qb6 8.O-O-O g6
9.Nxc6 bxc6 10.Qc3 Rg8 11.e4 Rb8 12.Bc4 Bg7 13.e5 Qb4 14.f4 d5 15.Bb3 Qxf4+
16.Kb1 Qxe5 17.Rde1 Qxc3 18.Rxe7+ Kf8 19.bxc3 g5 20.Bxg5 Bxc3 21.Bh4 Rg4
22.Rf1 f6 23.Rxh7 Kg8 24.Rh5 Ba6 25.Rf3 Bd4 26.Bxf6 Bxf6 27.Rxf6 Rxg2 28.Rxc6 Bc4
29.Kb2 Kg7 30.Kc3 Bxb3 31.axb3 Rd8 32.Rc5 d4+ 33.Kd3 Kg6 34.Rhd5 Rxd5 35.Rxd5 Rxh2
36.Rxd4 Rh7 37.Rf4 Rd7+ 38.Kc3 Rc7+ 39.Kb2 Rc6 40.c4 Rc7 41.Kc3 Rc8 42.b4 Rc7
43.Rf1 Kg5 44.b5  1-0

[Event "31st Crespi Memorial"]
[Site "Milan ITA"]
[Date "2010.12.09"]
[Round "7"]
[White "Cani,G"]
[Black "Manca,F"]
[Result "1/2-1/2"]
[WhiteElo "2113"]
[BlackElo "2405"]

1.d4 Nf6 2.Bg5 Ne4 3.Bh4 d5 4.e3 c5 5.Nd2 Qb6 6.Nxe4 dxe4 7.Rb1 cxd4 8.exd4 e5
9.dxe5 Nc6 10.Ne2 e3 11.Nc3 exf2+ 12.Bxf2 Qc5  1/2-1/2

[Event "II Duchamp GM"]
[Site "Buenos Aires ARG"]
[Date "2010.12.11"]
[Round "1"]
[White "Saldano Dayer,H"]
[Black "Flores,Di"]
[Result "0-1"]
[WhiteElo "2405"]
[BlackElo "2608"]

1.d4 Nf6 2.Bg5 Ne4 3.Bf4 c5 4.f3 Qa5+ 5.c3 Nf6 6.d5 e6 7.e4 d6 8.dxe6 Bxe6
9.Na3 d5 10.Qb3 Qb6 11.Qxb6 axb6 12.Nb5 Na6 13.e5 Nd7 14.Nh3 Be7 15.Bg3 h5
16.Nd6+ Kf8 17.Nxb7 h4 18.Bf4 Nc7 19.Nd6 Bxh3 20.gxh3 Ne6 21.Be3 Nxe5 22.Nb5 Bg5
23.Kf2 Bxe3+ 24.Kxe3 g5 25.Be2 Nf4 26.Rhd1 Re8 27.Kd2 Kg7 28.Rg1 Kf6 29.a4 Re7
30.a5 Nc6  0-1

[Event "Bansko Grand Chess Open"]
[Site "Bansko BUL"]
[Date "2010.12.13"]
[Round "1.11"]
[White "Korobkov,P"]
[Black "Stefanov,Emil"]
[Result "1-0"]
[WhiteElo "2484"]
[BlackElo "1695"]

1.d4 Nf6 2.Bg5 Ne4 3.Bf4 c5 4.f3 Nf6 5.dxc5 Na6 6.e4 Nxc5 7.Nc3 d6 8.Qd2 Bd7
9.O-O-O Rb8 10.e5 dxe5 11.Bxe5 Rc8 12.g4 h6 13.Nh3 Bc6 14.Qxd8+ Rxd8 15.Bb5 Nfd7
16.Bxc6 bxc6 17.Bd4 e5 18.Rhe1 f6 19.Nf2 Kf7 20.Be3 Be7 21.Nfe4 Nxe4 22.Nxe4 Nb6
23.Rxd8 Rxd8 24.h4 Nc4 25.h5 a6 26.c3 Rd3 27.Bc5 Rxf3 28.Rd1 Rf4 29.Rd7 Rxe4
30.Rxe7+ Kg8 31.b3 Ne3 32.Ra7 Nd5 33.c4 Nf4 34.Kd1 Ne6 35.Bf2 Rxg4 36.Rxa6 Nd4
37.c5 Rg2 38.Bxd4 exd4 39.Rxc6 Rxa2 40.Rd6 Rb2 41.c6 Rxb3 42.c7 Rc3 43.Rd8+ Kf7
44.c8=Q Rxc8 45.Rxc8 f5 46.Rc6 f4 47.Ke2 Ke7 48.Ra6 Kf7 49.Kf3 d3 50.Rd6 d2
51.Rxd2 g5 52.hxg6+ Kxg6 53.Kxf4  1-0

[Event "17th Open A"]
[Site "Zadar CRO"]
[Date "2010.12.13"]
[Round "3.14"]
[White "Kovacevic,Bl"]
[Black "Kadric,D"]
[Result "1-0"]
[WhiteElo "2447"]
[BlackElo "2331"]

1.d4 Nf6 2.Bg5 Ne4 3.Bf4 d5 4.e3 e6 5.Bd3 b6 6.Bxe4 dxe4 7.Ne2 Bb7 8.c4 Bd6
9.Nbc3 O-O 10.O-O f5 11.c5 bxc5 12.Qb3 Qc8 13.Bxd6 cxd6 14.dxc5 dxc5 15.Nf4 c4
16.Qa3 g5 17.Nfe2 Na6 18.Qe7 h6 19.Nd4 Nc5 20.b4 cxb3 21.axb3 Rf7 22.Qd6 Nxb3
23.Nxb3 Qxc3 24.Nd4 Qc4 25.Ra5 Bd5 26.Rc5 Qa2 27.Rfc1 Re8 28.h4 f4 29.Rc8 Ref8
30.R8c2 Qa4 31.Nxe6 Bxe6 32.Qxe6 fxe3 33.fxe3 Qd7 34.Qxh6 gxh4 35.Rc5 Rg7
36.Rg5 Rf7 37.Qxh4 Rxg5 38.Qxg5+ Rg7 39.Qc5 Qg4 40.Qc2 Qf3 41.Qd2 Kh7 42.Rf1 Qg3
43.Rf4 Rb7 44.Rf1 Rg7 45.Qe2 Qg6 46.Rf4 Qc6 47.Rh4+ Kg8 48.Qa2+ Rf7 49.Rg4+ Kf8
50.Qa3+ Re7 51.Qb2 Ke8 52.Rg8+ Kd7 53.Qd4+  1-0